Stamp duty land tax set out (Record no. 72514)

MARC details
000 -LEADER
fixed length control field 01021cam a2200205 4500
001 - CONTROL NUMBER
control field WB3915-27
008 - FIXED-LENGTH DATA ELEMENTS--GENERAL INFORMATION
fixed length control field 030417n2003 000 0 eng u
035 ## - SYSTEM CONTROL NUMBER
System control number (Sirsi) u122037
245 ## - TITLE STATEMENT
Title Stamp duty land tax set out
260 ## - PUBLICATION, DISTRIBUTION, ETC.
Date of publication, distribution, etc. 2003
490 ## - SERIES STATEMENT
Series statement Inland Revenue Press Release
Volume/sequential designation (REV55/03) 16 April 2003 (5)
520 ## - SUMMARY, ETC.
Summary, etc. The Inland Revenue has provided a detailed summary of the framework for stamp duty land tax which will be introduced on 1 December 2003 to replace the existing stamp duty regime on UK land and buildings. The framework is set out in full in the Finance Bill 2003 Part 4. The Finance Bill 2003 is available at http://www.parliament.the-stationery-office.co.uk/pa/cm200203/cmbills/094/2003094.htm http://www.gnn.gov.uk/gnn/national.nsf/Daily+News/B4A81AA3B62AAF9180256D0A00486468?opendocument
590 ## - LOCAL NOTE (RLIN)
Local note WB
650 ## - SUBJECT ADDED ENTRY--TOPICAL TERM
Topical term or geographic name entry element STAMP DUTY
650 ## - SUBJECT ADDED ENTRY--TOPICAL TERM
Topical term or geographic name entry element FINANCE BILL 2003
650 ## - SUBJECT ADDED ENTRY--TOPICAL TERM
Topical term or geographic name entry element STAMP DUTY LAND TAX
650 ## - SUBJECT ADDED ENTRY--TOPICAL TERM
Topical term or geographic name entry element FINANCE ACT 2002
690 ## - LOCAL SUBJECT ADDED ENTRY--TOPICAL TERM (OCLC, RLIN)
Topical term or geographic name as entry element TAXATION
942 ## - ADDED ENTRY ELEMENTS (KOHA)
Suppress in OPAC 0
Holdings
Withdrawn status Lost status Source of classification or shelving scheme Damaged status Not for loan Home library Current library Shelving location Date acquired Total Checkouts Full call number Barcode Date last seen Copy number Price effective from Koha item type
    Dewey Decimal Classification     London London News article 17/04/2003   WB3915-27 122037-1001 06/08/2019 1 06/08/2019 News article